00724nam a2200205Ia 4500952013700000999001700137003000400154005001700158008004100175020001800216040000900234082002200243100002500265245010000290250001200390260004500402300000900447650001200456942005000468 00102ddc40708HISTORYaMESbMEScHISd2019-02-20g350.00l0o954.088297 MAY/Mp39392r2019-02-20 00:00:00w2019-02-20yBKzGL37R3 c14933d14933OSt20201023130052.0190216s9999||||xx |||||||||||||| ||und|| a9788178242149 coclc a954.088297bMAY/M aMayaram, Shail96092 0aMuslims, Dalits, And The Fabrications Of History /cShail Mayaram ; M S S Pandian ; Ajay Skaria a3rd Ed. bRavi Dayal Publisher,c2010.aNew Delhi: a306p aEnglish cBK2ddch954.088297iMAY/Mk954.088297mMAY/M